Nombra un país A-Z - Estadísticas

Estadísticas generales
  • Esta prueba ha sido intentada 67.960 veces
  • La puntuación promedio es 20 de 23
Estadísticas de respuestas
Letra País % Correcto
A Afganistán | Albania | Alemania | +10
100%
B Bahamas | Bangladés | Barbados | +15
98%
C Cabo Verde | Camboya | Camerún | +15
98%
E Ecuador | Egipto | El Salvador | +10
98%
F Filipinas | Finlandia | Fiyi | Francia
97%
D Dinamarca | Dominica
96%
G Gabón | Gambia | Georgia | +7
94%
I India | Indonesia | Irak | +7
94%
J Jamaica | Japón | Jordania
91%
M Macedonia del Norte | Madagascar | Malasia | +13
91%
L Laos | Lesoto | Letonia | +6
89%
P Países Bajos | Pakistán | Palaos | +6
89%
N Namibia | Nauru | Nepal | +5
88%
H Haití | Honduras | Hungría
87%
K Kazajistán | Kenia | Kirguistan | +3
86%
R Ruanda | Rumania | Rusia +6
85%
S Samoa | San Cristobal y Nieves | San Marino | +16
81%
T Tailandia | Taiwán | Tanzania | +9
77%
U Ucrania | Uganda | Uruguay | Uzbekistán
76%
O Omán
71%
Y Yemen | Yibuti
68%
V Vanuatu | Venezuela | Vietnam
67%
Z Zambia | Zimbabue
65%
No se encontraron pruebas coincidentes
Distribución de puntuación
Porcentaje de gente con cada puntuación
Porcentaje por número respondido
Historial de tus puntuaciones
No has intentado esta prueba.